[Event "Marburg op-A"]
[Site "Marburg"]
[Date "2023.10.27"]
[Round "2"]
[White "Goecke, Karl Ulrich"]
[Black "Hufendiek, Ekkehard"]
[Result "1-0"]
[WhiteElo "2143"]
[BlackElo "1905"]
[PlyCount "129"]
[EventDate "2023.10.26"]
[EventType "swiss"]
[EventRounds "7"]
[EventCountry "GER"]
[SourceTitle "CB49_2023"]
[SourceDate "2023.12.06"]
[SourceVersion "1"]
[SourceVersionDate "2023.12.06"]
[SourceQuality "1"]

1. d4 Nf6 2. Nf3 g6 3. g3 Bg7 4. Bg2 0-0 5. 0-0 d5 6. c4 dxc4 7. Na3 c5 8. dxc5 c3 9. Nb5 cxb2 10. Bxb2 Bd7 11. a4 Qc8 12. Re1 Rd8 13. Qc1 Bc6 14. Qc2 Be4 15. Qc4 Bd5 16. Qc2 Be4 17. Qc4 Nbd7 18. Ng5 Bxg2 19. Qxf7+ Kh8 20. Kxg2 Qc6+ 21. Kg1 Nxc5 22. Nd4 Qd5 23. Nde6 Nxe6 24. Nxe6 Rg8 25. Red1 Qb3 26. Rab1 Raf8 27. Qxe7 Re8 28. Bxf6 Qxe6 29. Bxg7+ Rxg7 30. Qxe6 Rxe6 31. Rd8+ Rg8 32. Rxg8+ Kxg8 33. Rxb7 Ra6 34. Rb4 Kf7 35. f4 h6 36. Kf2 Kf6 37. Kf3 h5 38. e4 Ra5 39. Rc4 Ke6 40. Ke3 Ra6 41. Kd3 Kd6 42. Kc3 Rb6 43. Rc8 Ke6 44. Rg8 Kf7 45. Ra8 Ra6 46. Kb4 Rb6+ 47. Ka5 Rb7 48. e5 Ke6 49. Rf8 Kd5 50. Rg8 Rb2 51. Rxg6 Rxh2 52. Ka6 Ra2 53. a5 Ra3 54. Rg5 Kc6 55. Rxh5 Rxg3 56. Rh6+ Kc7 57. Kxa7 Rg7 58. f5 Re7 59. Re6 Rd7 60. f6 Kd8+ 61. Kb6 Rh7 62. Rd6+ Kc8 63. e6 Rb7+ 64. Kc5 Rb1 65. e7 1-0

[Event "Kiel op 35th"]
[Site "Kiel"]
[Date "2023.08.02"]
[Round "7"]
[White "Hufendiek, Ekkehard"]
[Black "Grebita, Magnus"]
[Result "1-0"]
[WhiteElo "1912"]
[BlackElo "1574"]
[PlyCount "45"]
[EventDate "2023.07.29"]
[EventType "swiss"]
[EventRounds "9"]
[EventCountry "GER"]
[SourceTitle "CBM 215 Extra"]
[Source "ChessBase"]
[SourceDate "2023.09.30"]
[SourceVersion "1"]
[SourceVersionDate "2023.09.30"]
[SourceQuality "1"]

1. e4 e5 2. d4 exd4 3. c3 Qe7 4. cxd4 Qxe4+ 5. Be2 Bb4+ 6. Nc3 Bxc3+ 7. bxc3 Qc6 8. Nf3 Qxc3+ 9. Bd2 Qc6 10. 0-0 d5 11. Re1 Ne7 12. Bb4 Be6 13. Ne5 Qb6 14. Rb1 c5 15. Qa4+ Nbc6 16. Bxc5 Qc7 17. Bxe7 Kxe7 18. Qa3+ Kd8 19. Rec1 f6 20. Rxb7 Qxb7 21. Qd6+ Bd7 22. Nxc6+ Kc8 23. Na5+ 1-0

[Event "Kiel op 35th"]
[Site "Kiel"]
[Date "2023.07.30"]
[Round "4"]
[White "Jahncke, Giso"]
[Black "Hufendiek, Ekkehard"]
[Result "1-0"]
[WhiteElo "2244"]
[BlackElo "1912"]
[PlyCount "71"]
[EventDate "2023.07.29"]
[EventType "swiss"]
[EventRounds "9"]
[EventCountry "GER"]
[SourceTitle "CBM 215 Extra"]
[Source "ChessBase"]
[SourceDate "2023.09.30"]
[SourceVersion "1"]
[SourceVersionDate "2023.09.30"]
[SourceQuality "1"]

1. d4 Nf6 2. c4 e6 3. g3 d5 4. Bg2 dxc4 5. Nf3 Nc6 6. Qa4 Be7 7. Qxc4 Qd5 8. Nbd2 0-0 9. 0-0 Rd8 10. e3 Ne4 11. Qe2 Nxd2 12. Bxd2 Qh5 13. h3 e5 14. g4 Bxg4 15. hxg4 Qxg4 16. Rfe1 Rd6 17. Nxe5 Nxe5 18. dxe5 Qxe2 19. Rxe2 Rd7 20. Bc3 Rad8 21. Bxb7 c5 22. Be4 g6 23. Ree1 h5 24. Kf1 Bf8 25. Ke2 Re7 26. Rad1 Rde8 27. Bc6 Rc8 28. Bd5 Bg7 29. f4 Kh7 30. Kf3 Rf8 31. Rg1 f6 32. e6 g5 33. f5 g4+ 34. Ke2 Rb8 35. Rh1 Kh6 36. e4 1-0

[Event "Vellmar op 8th"]
[Site "Vellmar"]
[Date "2016.07.31"]
[Round "6"]
[White "Hufendiek, Ekkehard"]
[Black "Dannhaeuser, Kevin"]
[Result "0-1"]
[WhiteElo "1914"]
[BlackElo "2056"]
[PlyCount "54"]
[EventDate "2016.07.28"]
[EventType "swiss"]
[EventRounds "7"]
[EventCountry "GER"]
[SourceTitle "CBM 173 Extra"]
[Source "ChessBase"]
[SourceDate "2016.08.29"]
[SourceVersion "1"]
[SourceVersionDate "2016.08.29"]
[SourceQuality "1"]

1. e4 c5 2. d4 cxd4 3. c3 Nf6 4. e5 Nd5 5. Nf3 Nc6 6. Bb5 e6 7. Bd2 Qb6 8. Bxc6 bxc6 9. Nxd4 c5 10. Nc2 Qxb2 11. 0-0 Ba6 12. Re1 Bd3 13. Nba3 c4 14. Rb1 Qxa2 15. Ra1 Qb3 16. Nd4 Qxd1 17. Rexd1 Bc5 18. Nab5 0-0 19. Ra6 Rfb8 20. Rda1 h6 21. h3 Rb7 22. R1a2 Rb6 23. Rxa7 Rxa7 24. Rxa7 Bxd4 25. Nxd4 Rb2 26. Nf3 Be2 27. Be1 Rb1 0-1

[Event "Vellmar op 8th"]
[Site "Vellmar"]
[Date "2016.07.29"]
[Round "3"]
[White "Salecker, Phil"]
[Black "Hufendiek, Ekkehard"]
[Result "0-1"]
[WhiteElo "1704"]
[BlackElo "1914"]
[PlyCount "62"]
[EventDate "2016.07.28"]
[EventType "swiss"]
[EventRounds "7"]
[EventCountry "GER"]
[SourceTitle "CBM 173 Extra"]
[Source "ChessBase"]
[SourceDate "2016.08.29"]
[SourceVersion "1"]
[SourceVersionDate "2016.08.29"]
[SourceQuality "1"]

1. c4 e5 2. Nc3 Nc6 3. g3 f5 4. e4 Nf6 5. Bg2 Bc5 6. exf5 d6 7. g4 0-0 8. h3 g6 9. fxg6 Bxf2+ 10. Kf1 Bd4 11. gxh7+ Nxh7+ 12. Nf3 Bxc3 13. dxc3 Be6 14. Qd3 e4 15. Qxe4 Ne5 16. b3 Bd7 17. Bh6 Rf7 18. Kg1 Bc6 19. Qc2 Bxf3 20. Re1 Qf6 21. Qd2 Bxg2 22. g5 Bxh1 23. gxf6 Nf3+ 24. Kxh1 Nxd2 25. Rg1+ Kh8 26. Bxd2 Nxf6 27. Be3 Kh7 28. Rf1 Raf8 29. Rf4 Nh5 30. Rh4 Rf5 31. Kh2 R8f7 0-1

[Event "NRW Class1 1516"]
[Site "Germany"]
[Date "2016.05.08"]
[Round "9.6"]
[White "Hufendiek, Ekkehard"]
[Black "Topp, Michael"]
[Result "1-0"]
[WhiteElo "1832"]
[BlackElo "2026"]
[PlyCount "47"]
[EventDate "2015.09.27"]
[EventType "team-tourn"]
[EventRounds "9"]
[EventCountry "GER"]
[SourceTitle "EXT 2017"]
[Source "ChessBase"]
[SourceDate "2016.10.25"]
[SourceVersion "1"]
[SourceVersionDate "2016.10.25"]
[SourceQuality "1"]
[WhiteTeam "Werther"]
[BlackTeam "Emsdetten Rochade"]
[WhiteTeamCountry "GER"]
[BlackTeamCountry "GER"]

1. e4 c5 2. Nf3 e6 3. d4 cxd4 4. c3 Nf6 5. e5 Nd5 6. Bc4 Nb6 7. Bb3 Nc6 8. 0-0 Be7 9. cxd4 d6 10. exd6 Qxd6 11. Nc3 Nd5 12. Ne4 Qd8 13. Ne5 Nf6 14. Nxc6 bxc6 15. Qc2 Bd7 16. Bf4 0-0 17. Nc5 Nd5 18. Be5 Be8 19. Qd3 Bf6 20. Rfd1 Qe7 21. Ne4 Rd8 22. Bc2 Nb4 23. Nxf6+ gxf6 24. Qxh7# 1-0

[Event "NRW Class1 1516"]
[Site "Germany"]
[Date "2016.03.06"]
[Round "7.6"]
[White "Kretschmann, Thomas"]
[Black "Hufendiek, Ekkehard"]
[Result "1-0"]
[WhiteElo "2086"]
[BlackElo "1832"]
[PlyCount "55"]
[EventDate "2015.09.27"]
[EventType "team-tourn"]
[EventRounds "9"]
[EventCountry "GER"]
[SourceTitle "EXT 2017"]
[Source "ChessBase"]
[SourceDate "2016.10.25"]
[SourceVersion "1"]
[SourceVersionDate "2016.10.25"]
[SourceQuality "1"]
[WhiteTeam "Duisburg"]
[BlackTeam "Werther"]
[WhiteTeamCountry "GER"]
[BlackTeamCountry "GER"]

1. e4 e5 2. Nf3 Nc6 3. Bb5 f5 4. d4 fxe4 5. Nxe5 Nxe5 6. dxe5 c6 7. Nc3 cxb5 8. Nxe4 d5 9. exd6 Nf6 10. Bg5 Qa5+ 11. Bd2 b4 12. Nxf6+ gxf6 13. 0-0 Be6 14. Re1 Kd7 15. Bf4 Qd5 16. Qe2 h5 17. Rad1 Qc4 18. Qf3 Qc6 19. Qd3 Re8 20. f3 Bh6 21. Bg3 a6 22. Bf2 Bf4 23. Qd4 Be5 24. Qxb4 f5 25. Rxe5 Rhg8 26. Rc5 Qxf3 27. Rc7+ Kd8 28. Qh4+ 1-0

[Event "NRW Class1 1516"]
[Site "Germany"]
[Date "2016.01.10"]
[Round "5.8"]
[White "Eggenstein, Frank"]
[Black "Hufendiek, Ekkehard"]
[Result "1/2-1/2"]
[WhiteElo "1939"]
[BlackElo "1832"]
[PlyCount "59"]
[EventDate "2015.09.27"]
[EventType "team-tourn"]
[EventRounds "9"]
[EventCountry "GER"]
[SourceTitle "EXT 2017"]
[Source "ChessBase"]
[SourceDate "2016.10.25"]
[SourceVersion "1"]
[SourceVersionDate "2016.10.25"]
[SourceQuality "1"]
[WhiteTeam "Erkenschwick"]
[BlackTeam "Werther"]
[WhiteTeamCountry "GER"]
[BlackTeamCountry "GER"]

1. e4 e5 2. Nf3 Nc6 3. d4 exd4 4. Nxd4 Nf6 5. Nxc6 bxc6 6. e5 Qe7 7. Qe2 Nd5 8. c4 Nb6 9. Nd2 a5 10. f4 Qe6 11. Qf2 Bb4 12. b3 Bc3 13. Rb1 Qf5 14. Rb2 Bxb2 15. Bxb2 0-0 16. Qe3 Qc2 17. Bd4 Qc1+ 18. Kf2 a4 19. b4 a3 20. Rg1 Qd1 21. Bd3 Qh5 22. Nf3 Ba6 23. g4 Qh6 24. g5 Qh5 25. Bxb6 cxb6 26. Qxb6 Rfb8 27. Qc5 Bc8 28. Qe7 g6 29. Qd8+ Kg7 30. Qf6+ 1/2-1/2

[Event "NRW Class1 1516"]
[Site "Germany"]
[Date "2015.09.27"]
[Round "1.7"]
[White "Hufendiek, Ekkehard"]
[Black "Laurenz, Waldemar"]
[Result "1/2-1/2"]
[WhiteElo "1832"]
[BlackElo "1938"]
[PlyCount "89"]
[EventDate "2015.09.27"]
[EventType "team-tourn"]
[EventRounds "9"]
[EventCountry "GER"]
[SourceTitle "EXT 2017"]
[Source "ChessBase"]
[SourceDate "2016.10.25"]
[SourceVersion "1"]
[SourceVersionDate "2016.10.25"]
[SourceQuality "1"]
[WhiteTeam "Werther"]
[BlackTeam "Lippstadt Turm"]
[WhiteTeamCountry "GER"]
[BlackTeamCountry "GER"]

1. e4 c5 2. d4 e6 3. d5 d6 4. Bc4 e5 5. Bb5+ Bd7 6. a4 Nf6 7. Bg5 Be7 8. Bxf6 Bxf6 9. Na3 0-0 10. Nc4 Be7 11. Bxd7 Nxd7 12. Ne2 Nf6 13. Nc3 g6 14. 0-0 Nh5 15. g3 Qd7 16. Ne3 b6 17. Qg4 Qxg4 18. Nxg4 a6 19. Ne3 Ng7 20. Nc4 Rab8 21. b3 Rb7 22. Kg2 Ne8 23. Rad1 Bd8 24. Na3 f5 25. f3 Bg5 26. f4 exf4 27. gxf4 Bf6 28. Nab1 Bd4 29. Ne2 Bg7 30. Nbc3 b5 31. axb5 axb5 32. exf5 gxf5 33. Rd3 b4 34. Na4 Nf6 35. Ng3 Ne4 36. Re3 Bd4 37. Re2 Rg7 38. Kf3 Nc3 39. Nxc3 Bxc3 40. Re6 Rg6 41. Rf2 Rxe6 42. dxe6 Rf6 43. Re2 Kf8 44. Nh5 Rg6 45. Ng3 1/2-1/2

[Event "Enger Knappen Cup op-B"]
[Site "Enger"]
[Date "2010.12.30"]
[Round "7"]
[White "Kopp, Daniel"]
[Black "Hufendiek, Ekkehard"]
[Result "1-0"]
[WhiteElo "1838"]
[BlackElo "1889"]
[PlyCount "108"]
[EventDate "2010.12.27"]
[EventType "swiss"]
[EventRounds "7"]
[EventCountry "GER"]
[SourceTitle "CBM 140 Extra"]
[Source "ChessBase"]
[SourceDate "2011.03.01"]
[SourceVersion "1"]
[SourceVersionDate "2011.03.01"]
[SourceQuality "1"]

1. d4 d5 2. c4 e5 3. dxe5 d4 4. Nf3 Nc6 5. g3 Nge7 6. Bg2 Ng6 7. Nbd2 Ngxe5 8. 0-0 Be7 9. b3 0-0 10. Bb2 Bf6 11. Nxe5 Bxe5 12. Bxc6 bxc6 13. Nf3 Bd6 14. Qxd4 f6 15. Rad1 Bh3 16. Rfe1 Qe7 17. Bc3 Rfe8 18. Qd2 Rad8 19. Qc2 Bc5 20. Rxd8 Bxf2+ 21. Kh1 Rxd8 22. Rd1 Re8 23. e4 Be3 24. Re1 Qxe4 25. Qxe4 Rxe4 26. Bd2 Bxd2 27. Rxe4 Bb4 28. Re8+ Kf7 29. Ra8 Bc5 30. b4 Bxb4 31. Rxa7 Bd6 32. c5 Bxc5 33. Rxc7+ Kg6 34. Rxc6 Be3 35. a4 Bf1 36. Ne5+ Kf5 37. Nc4 Bf2 38. a5 Kg4 39. Nd2 Be2 40. Kg2 Be1 41. h3+ Kf5 42. Nf3 Bxa5 43. Rc5+ Ke4 44. Rxa5 Bxf3+ 45. Kf2 Bd1 46. Ra7 g6 47. Rxh7 Kf5 48. Ke3 g5 49. Rh6 Ke5 50. Rh8 Bc2 51. Re8+ Kf5 52. g4+ Kg6 53. Kd4 Kf7 54. Re2 Bd1 1-0

[Event "Enger Knappen Cup op-B"]
[Site "Enger"]
[Date "2010.12.27"]
[Round "1"]
[White "Bringer, Lukas"]
[Black "Hufendiek, Ekkehard"]
[Result "0-1"]
[WhiteElo "1435"]
[BlackElo "1889"]
[PlyCount "34"]
[EventDate "2010.12.27"]
[EventType "swiss"]
[EventRounds "7"]
[EventCountry "GER"]
[SourceTitle "CBM 140 Extra"]
[Source "ChessBase"]
[SourceDate "2011.03.01"]
[SourceVersion "1"]
[SourceVersionDate "2011.03.01"]
[SourceQuality "1"]

1. c4 e5 2. Nc3 Nc6 3. Nf3 f5 4. e4 f4 5. d4 exd4 6. Nxd4 Nf6 7. Nxc6 bxc6 8. Bxf4 Bb4 9. Bd2 0-0 10. Bd3 d6 11. 0-0 Ng4 12. Qe2 Qh4 13. h3 Ne5 14. Nd1 Bxd2 15. Qxd2 Nf3+ 16. gxf3 Rxf3 17. Ne3 Qg5+ 0-1

[Event "Werther Schloss op-B 14th"]
[Site "Werther"]
[Date "2008.03.14"]
[Round "1"]
[White "Hufendiek, Ekkehard"]
[Black "Heitmann, Timo"]
[Result "0-1"]
[WhiteElo "1864"]
[BlackElo "1978"]
[PlyCount "30"]
[EventDate "2008.03.14"]
[EventType "swiss"]
[EventRounds "5"]
[EventCountry "GER"]
[SourceTitle "EXT 2010"]
[Source "ChessBase"]
[SourceDate "2010.11.25"]
[SourceVersion "1"]
[SourceVersionDate "2010.11.25"]
[SourceQuality "1"]

1. e4 e5 2. f4 exf4 3. Nf3 d6 4. Bc4 h6 5. 0-0 g5 6. d4 Bg7 7. c3 Ne7 8. g3 Ng6 9. gxf4 gxf4 10. Qc2 Bh3 11. Rf2 Qd7 12. e5 dxe5 13. Nxe5 Bxe5 14. dxe5 Rg8 15. Qe2 Nh4+ 0-1

[Event "Bielefeld Gr4"]
[Site "Bielefeld"]
[Date "2007.05.28"]
[Round "6"]
[White "Hufendiek, Ekkehard"]
[Black "Grzonka, Raphael"]
[Result "1-0"]
[WhiteElo "1811"]
[BlackElo "1796"]
[PlyCount "35"]
[EventDate "2007.05.25"]
[EventType "tourn"]
[EventRounds "7"]
[EventCountry "GER"]
[SourceTitle "EXT 2008"]
[Source "ChessBase"]
[SourceDate "2007.11.25"]
[SourceVersion "1"]
[SourceVersionDate "2007.11.25"]
[SourceQuality "1"]

1. e4 c5 2. d4 cxd4 3. c3 dxc3 4. Nxc3 Nc6 5. Nf3 d6 6. Bc4 a6 7. 0-0 Nf6 8. e5 dxe5 9. Qxd8+ Kxd8 10. Ng5 Kc7 11. Nxf7 Rg8 12. Nxe5 e6 13. Nxc6 Kxc6 14. Bf4 Bc5 15. Be2 Nd5 16. Bf3 Rf8 17. Bg3 Rd8 18. Rac1 1-0

[Event "Bielefeld Gr4"]
[Site "Bielefeld"]
[Date "2007.05.28"]
[Round "7"]
[White "Lennartz, Christina"]
[Black "Hufendiek, Ekkehard"]
[Result "1-0"]
[WhiteElo "1796"]
[BlackElo "1811"]
[PlyCount "77"]
[EventDate "2007.05.25"]
[EventType "tourn"]
[EventRounds "7"]
[EventCountry "GER"]
[SourceTitle "EXT 2008"]
[Source "ChessBase"]
[SourceDate "2007.11.25"]
[SourceVersion "1"]
[SourceVersionDate "2007.11.25"]
[SourceQuality "1"]

1. d4 d5 2. g3 e6 3. Bg2 c6 4. b3 Nf6 5. Bb2 Be7 6. e3 Nbd7 7. Ne2 b6 8. c4 Bb7 9. Nbc3 Rc8 10. 0-0 0-0 11. e4 dxe4 12. Nxe4 Nxe4 13. Bxe4 Nf6 14. Bg2 Rc7 15. Qc2 c5 16. Bxb7 Rxb7 17. Rad1 Rd7 18. Rd3 Qa8 19. Rfd1 Rfd8 20. Ba3 Qb7 21. dxc5 Qe4 22. Nc1 bxc5 23. Qc3 Rxd3 24. Rxd3 Rxd3 25. Qxd3 Qe1+ 26. Kg2 Ne4 27. Qe2 Qxe2 28. Nxe2 Kf8 29. f3 Nf6 30. Kf2 Ke8 31. Nc1 Nd7 32. Bb2 Nf6 33. Nd3 Kd7 34. Ne5+ Ke8 35. Nc6 a6 36. Nb8 a5 37. Nc6 Bd8 38. Bc3 Kd7 39. Nxa5 1-0

[Event "Bielefeld Gr4"]
[Site "Bielefeld"]
[Date "2007.05.27"]
[Round "4"]
[White "Hufendiek, Ekkehard"]
[Black "Beer, Markus"]
[Result "0-1"]
[WhiteElo "1811"]
[BlackElo "1959"]
[PlyCount "46"]
[EventDate "2007.05.25"]
[EventType "tourn"]
[EventRounds "7"]
[EventCountry "GER"]
[SourceTitle "EXT 2008"]
[Source "ChessBase"]
[SourceDate "2007.11.25"]
[SourceVersion "1"]
[SourceVersionDate "2007.11.25"]
[SourceQuality "1"]

1. e4 e5 2. f4 exf4 3. Nf3 g5 4. d4 d6 5. Bc4 Bg7 6. 0-0 Be6 7. Bxe6 fxe6 8. e5 dxe5 9. Nxe5 Bxe5 10. Qh5+ Kf8 11. dxe5 Qd4+ 12. Kh1 a6 13. Qg4 Qxe5 14. Bxf4 gxf4 15. Rxf4+ Nf6 16. Nc3 Rg8 17. Qh4 Rg6 18. Raf1 Kg7 19. Ne4 Nbd7 20. Ng3 Rf8 21. Rd4 Qg5 22. Nh5+ Kg8 23. Nxf6+ Rfxf6 0-1

[Event "Bielefeld Gr4"]
[Site "Bielefeld"]
[Date "2007.05.27"]
[Round "5"]
[White "Peters, Stephan"]
[Black "Hufendiek, Ekkehard"]
[Result "1-0"]
[WhiteElo "1963"]
[BlackElo "1811"]
[PlyCount "75"]
[EventDate "2007.05.25"]
[EventType "tourn"]
[EventRounds "7"]
[EventCountry "GER"]
[SourceTitle "EXT 2008"]
[Source "ChessBase"]
[SourceDate "2007.11.25"]
[SourceVersion "1"]
[SourceVersionDate "2007.11.25"]
[SourceQuality "1"]

1. e4 e5 2. Nf3 Nc6 3. Bb5 f5 4. d3 Nf6 5. Nc3 Bc5 6. 0-0 0-0 7. Bc4+ Kh8 8. Ng5 Qe8 9. exf5 Na5 10. Be3 Nxc4 11. dxc4 Be7 12. f4 h6 13. fxe5 hxg5 14. exf6 gxf6 15. Qd4 Bd6 16. Bxg5 Be5 17. Qh4+ Kg8 18. Bd2 Rf7 19. Rae1 Rh7 20. Qg4+ Rg7 21. Qe4 Qh5 22. Bf4 d6 23. Bxe5 dxe5 24. Nd5 Qg5 25. Re3 Bd7 26. Rg3 Qh6 27. Rxg7+ Kxg7 28. Nxc7 Rh8 29. h3 Bc6 30. Nd5 Kf7 31. Qe3 Qh4 32. Qc5 Re8 33. b4 e4 34. b5 e3 35. Nxe3 Rg8 36. bxc6 bxc6 37. Qxa7+ Kf8 38. Rd1 1-0

[Event "Bielefeld Gr4"]
[Site "Bielefeld"]
[Date "2007.05.26"]
[Round "3"]
[White "Hufendiek, Ekkehard"]
[Black "Diele, Ralf"]
[Result "1-0"]
[WhiteElo "1811"]
[BlackElo "1973"]
[PlyCount "117"]
[EventDate "2007.05.25"]
[EventType "tourn"]
[EventRounds "7"]
[EventCountry "GER"]
[SourceTitle "EXT 2008"]
[Source "ChessBase"]
[SourceDate "2007.11.25"]
[SourceVersion "1"]
[SourceVersionDate "2007.11.25"]
[SourceQuality "1"]

1. e4 d5 2. exd5 Qxd5 3. Nc3 Qd8 4. d4 g6 5. Bc4 Bg7 6. Nge2 Nh6 7. Bf4 Nf5 8. Nb5 Nd6 9. Nxd6+ exd6 10. c3 0-0 11. 0-0 d5 12. Bd3 Nd7 13. Qd2 Re8 14. Rfe1 Nf6 15. Bg5 Qd6 16. Qf4 Qb6 17. Ng3 Bd7 18. h3 a6 19. Qf3 Qc6 20. Nf1 h6 21. Bxf6 Qxf6 22. Qxd5 Bc6 23. Qb3 Qg5 24. Ng3 Qd2 25. Rxe8+ Rxe8 26. Bxg6 Re1+ 27. Rxe1 Qxe1+ 28. Kh2 Qxf2 29. Be4 Bxe4 30. Nxe4 Qf4+ 31. Ng3 h5 32. Qxb7 Bf8 33. Qe4 Qd6 34. Qe5 h4 35. Ne4 Qxe5+ 36. dxe5 Kg7 37. g4 Kg6 38. Kg2 Bh6 39. Kf3 Bc1 40. b3 Bb2 41. Ke3 Bc1+ 42. Kd4 Bf4 43. a4 c6 44. Nc5 f6 45. exf6 Kxf6 46. Nxa6 Be5+ 47. Ke4 Bxc3 48. Nb8 Ke6 49. Nxc6 Kd6 50. Nd4 Kc5 51. Nc2 Bd2 52. Kf5 Kd5 53. g5 Kd6 54. Kf6 Bc3+ 55. Kf7 Ke5 56. g6 Kf4 57. g7 Bxg7 58. Kxg7 Kg3 59. Ne3 1-0

[Event "Werther Schloss op-C 12th"]
[Site "Werther"]
[Date "2006.04.09"]
[Round "5"]
[White "Hufendiek, Ekkehard"]
[Black "Wenske, Hardy"]
[Result "1-0"]
[WhiteElo "1776"]
[BlackElo "1554"]
[PlyCount "73"]
[EventDate "2006.04.07"]
[EventType "swiss"]
[EventRounds "5"]
[EventCountry "GER"]
[SourceTitle "EXT 2008"]
[Source "ChessBase"]
[SourceDate "2007.11.25"]
[SourceVersion "1"]
[SourceVersionDate "2007.11.25"]
[SourceQuality "1"]

1. e4 e5 2. f4 d5 3. exd5 e4 4. d3 Nf6 5. Nd2 Qxd5 6. dxe4 Nxe4 7. Bc4 Qc6 8. Qe2 Bg4 9. Qxe4+ Qxe4+ 10. Nxe4 Nc6 11. Nf3 Bxf3 12. gxf3 Nd4 13. Bb3 0-0-0 14. Kf2 f6 15. Be3 Nxb3 16. axb3 a6 17. Rhd1 Be7 18. Ke2 Rhe8 19. Rxd8+ Rxd8 20. Rd1 Rxd1 21. Kxd1 b6 22. f5 Kd7 23. Ke2 Kc6 24. Kd3 Kb7 25. c4 Bb4 26. Nc3 Bxc3 27. bxc3 c5 28. h4 h5 29. Ke4 Kc6 30. Bf4 a5 31. Bg3 b5 32. cxb5+ Kxb5 33. Kd5 c4 34. bxc4+ Kb6 35. c5+ Kb7 36. c6+ Kc8 37. Kc5 1-0

[Event "Werther Schloss op-C 12th"]
[Site "Werther"]
[Date "2006.04.07"]
[Round "1"]
[White "Hufendiek, Ekkehard"]
[Black "Foerster, Matthias"]
[Result "0-1"]
[WhiteElo "1776"]
[BlackElo "1644"]
[PlyCount "82"]
[EventDate "2006.04.07"]
[EventType "swiss"]
[EventRounds "5"]
[EventCountry "GER"]
[SourceTitle "EXT 2008"]
[Source "ChessBase"]
[SourceDate "2007.11.25"]
[SourceVersion "1"]
[SourceVersionDate "2007.11.25"]
[SourceQuality "1"]

1. e4 d6 2. d4 g6 3. Nc3 Bg7 4. Be3 Nf6 5. Bd3 0-0 6. f3 Nbd7 7. Qd2 e5 8. Nge2 a6 9. h4 b5 10. d5 Nb6 11. h5 b4 12. Nd1 a5 13. Bh6 Ba6 14. Bxg7 Kxg7 15. hxg6 fxg6 16. Qh6+ Kg8 17. f4 Qd7 18. Ne3 Bxd3 19. cxd3 Na4 20. fxe5 dxe5 21. Nc4 Qe7 22. Qg5 Nxd5 23. Qxe5 Qxe5 24. Nxe5 Ne3 25. Kd2 Nxg2 26. Rh6 Rae8 27. Ng4 Nxb2 28. e5 Re7 29. Rg1 Nf4 30. Nf6+ Rxf6 31. d4 Rff7 32. Ng3 Nc4+ 33. Kc2 Ne3+ 34. Kb3 Nf5 35. Nxf5 Rxf5 36. Rh2 Nd5 37. Rc1 Rf4 38. Kc4 Rxe5 39. Kc5 Ref5 40. Kc6 Rxd4 41. Rc5 Ne7+ 0-1

[Event "Lippe Cup 02nd"]
[Site "Lieme"]
[Date "2005.10.07"]
[Round "1"]
[White "Hufendiek, Ekkehard"]
[Black "Celik, Abdullah"]
[Result "1-0"]
[WhiteElo "1735"]
[BlackElo "1410"]
[PlyCount "139"]
[EventDate "2005.10.07"]
[EventType "swiss"]
[EventRounds "5"]
[EventCountry "GER"]
[SourceTitle "EXT 2012"]
[Source "ChessBase"]
[SourceDate "2011.11.24"]
[SourceVersion "1"]
[SourceVersionDate "2011.11.24"]
[SourceQuality "1"]

1. e4 e6 2. d4 d5 3. exd5 exd5 4. Nf3 Nf6 5. Bg5 Be6 6. Nbd2 Be7 7. Nb3 Nbd7 8. Bd3 Nb6 9. 0-0 0-0 10. c3 h6 11. Bh4 Bg4 12. Re1 Re8 13. h3 Bh5 14. Nbd2 Qd6 15. Bg3 Qd8 16. Qc2 c6 17. Bh4 Qd6 18. Re3 Ne4 19. Nxe4 dxe4 20. Bxe4 Bxf3 21. Bxe7 Rxe7 22. Bxf3 Rxe3 23. fxe3 Re8 24. e4 Qg6 25. Qe2 Nc8 26. Re1 Nd6 27. e5 Nf5 28. Qd3 Nh4 29. Qxg6 Nxg6 30. Bg4 Nf4 31. Re3 Nd5 32. Rf3 Nb6 33. Rf2 Nc4 34. b3 Ne3 35. Bh5 g6 36. Be2 Nd5 37. Bc4 Re7 38. Rf3 Nb6 39. Bd3 Nd5 40. Be4 h5 41. c4 Nc7 42. Kf2 Ne6 43. Ke3 Ng5 44. Rf6 Ne6 45. d5 cxd5 46. cxd5 Nc5 47. Kd4 Nd7 48. Rd6 Nxe5 49. Rd8+ Kg7 50. d6 Re6 51. Bd5 Nc6+ 52. Bxc6 bxc6 53. d7 Kf6 54. Kc5 Ke7 55. Ra8 Kxd7 56. Rxa7+ Ke8 57. a4 f5 58. a5 Re5+ 59. Kd6 Re3 60. Rb7 Rd3+ 61. Ke6 Rd5 62. Rb8+ Rd8 63. Rxd8+ Kxd8 64. Kd6 g5 65. Kxc6 Kc8 66. Kd5 g4 67. Ke5 gxh3 68. gxh3 Kb7 69. Kxf5 Ka6 70. b4 1-0